Net-Mom's Internet kids & family Yellow Pages (0 07 219247 X)

Tallennettuna:
Bibliografiset tiedot
Päätekijä: JEAN ARMOUR POLLY
Aineistotyyppi: Kirja
Kieli:Undetermined
Julkaistu: McGraw-Hill 2002
Tagit: Lisää tagi
Ei tageja, Lisää ensimmäinen tagi!
Thư viện lưu trữ: Trung tâm Học liệu Trường Đại học Cần Thơ
LEADER 00425nam a2200145Ia 4500
001 CTU_49610
008 210402s9999 xx 000 0 und d
082 |a 025.0294 
082 |b P771 
100 |a JEAN ARMOUR POLLY 
245 0 |a Net-Mom's Internet kids & family Yellow Pages (0 07 219247 X) 
245 0 |c JEAN ARMOUR POLLY 
260 |b McGraw-Hill 
260 |c 2002 
980 |a Trung tâm Học liệu Trường Đại học Cần Thơ